000
00275nam a22001337a 4500
008
170216b xxu||||| |||| 00| 0 eng d
020
_a
039540469
041
_a
eng
080
_a
615
100
_a
5
101
_a
SHF
245
_a
THE NATURAL MIND
_c
WEIL
942
_2
udc
_c
BK
999
_c
5707
_d
5707